Statistics for Nordic Geography on a Map

Click here to take the quiz!

General Stats

  • This quiz has been taken 3,537 times
    (3,522 since last reset)
  • The average score is 31 of 86

Answers on the Map

Answers color-coded by a green-red scale on the quiz's map according to % correct below.
 

Answer Stats

GroupAnswer% Correct
CapitalOslo
94%
CapitalHelsinki
93%
CapitalStockholm
93%
CapitalCopenhagen
92%
CapitalReykjavik
92%
CityMalmö
79%
CityBergen
78%
CityGothenburg
74%
IslandFaroe Islands
68%
SeaNorth Sea
68%
SeaBaltic Sea
67%
RegionLapland
67%
CityAarhus
65%
IslandGotland
60%
CityTrondheim
59%
IslandÅland Islands
58%
SeaGulf of Finland
53%
SeaNorwegian Sea
53%
CityTampere
51%
CityUppsala
51%
CityTurku
50%
CityTromsø
49%
SeaAtlantic Ocean
48%
SeaIceland Sea
48%
CityOulu
48%
SeaArctic Ocean
47%
SeaGulf of Bothnia
46%
CityAalborg
45%
CityStavanger
43%
CityOdense
42%
IslandSpitsbergen
39%
CityVisby
36%
SeaGreenland Sea
35%
SeaKattegat
35%
IslandBornholm
34%
RegionNorth Karelia
34%
SeaSkagerrak
32%
RegionSkåne
32%
CityUmeå
32%
CityRovaniemi
31%
CityTórshavn
31%
CityKristiansand
30%
IslandÖland
30%
IslandJan Mayen
29%
CityLongyearbyen
29%
CityHammerfest
28%
IslandLofoten
28%
CityMariehamn
27%
SeaBarents Sea
26%
IslandFyn
26%
CityAkureyri
25%
RegionFinnmark
25%
CityKiruna
25%
CityEsbjerg
24%
Lake/RiverVänern
24%
CityBodø
23%
Lake/RiverVättern
23%
CityJyväskylä
22%
Lake/RiverLule
21%
RegionMidtjylland
21%
CityÖstersund
20%
CitySkagen
20%
RegionNordland
19%
National ParkVatnajökull
19%
Mountain/GlacierKebnekaise
18%
RegionDalarna
17%
Mountain/GlacierEyjafjallajökull
17%
FjordSognefjord
17%
Lake/RiverGlomma
16%
RegionTelemark
16%
Lake/RiverInari
15%
Mountain/GlacierGaldhøpiggen
13%
Lake/RiverGotä älv
13%
FjordHardangerfjord
13%
Lake/RiverDalälven
11%
Mountain/GlacierHalti
11%
Mountain/GlacierMøllehoj
11%
CityAkranes
10%
IslandNordaustlandet
10%
FjordPorsangerfjord
9%
IslandMagerøya
8%
IslandSamsø
8%
RegionVestfirðir
8%
CityEgilsstaðir
7%
National ParkJostedalsbreen
7%
Mountain/GlacierSnæfellsjökull
7%

Score Distribution

Percentile by Number Answered

Percent of People with Each Score

Your Score History

You have not taken this quiz since the last reset